000 00581nam a2200205Ia 4500
003 OSt
005 20220925202932.0
006 a|||||r|||| 00| 0
007 ta
008 220923b |||||||| |||| 00| 0 eng d
037 _cGeneral Book
040 _aRTL
_cRTL
_beng
041 _2eng
_aeng
082 _aT4:3.281.N66<--N65t, K6
245 0 _aUniversity of Delhi
_b Forty-fourth annual report
260 _aDelhi
_bUniversity of Delhi
_c1965
300 _a210p
_ccm.
942 _hT4:3.281.N66<--N65t, K6
_cGB
_2CC
999 _c544693
_d544693